Normal view
MARC view
Entry Topical Term
001 - CONTROL NUMBER
- control field: 39227
003 - CONTROL NUMBER IDENTIFIER
- control field: dpl
005 - DATE AND TIME OF LATEST TRANSACTION
- control field: 20120116110542.0
008 - FIXED-LENGTH DATA ELEMENTS
- fixed length control field: 120116|||a|||||| | ||| d
040 ## - CATALOGING SOURCE
- Original cataloging agency: dpl
- Transcribing agency: dpl
150 ## - HEADING--TOPICAL TERM
- Topical term or geographic name as entry element: Operating systems (Computers)
- General subdivision: Examinations
- Form subdivision: Study guides.
670 ## - SOURCE DATA FOUND
- Source citation: Work cat.: (dpl)0: Jang, Michael H. 39224, RHCSA/RHCE Red Hat Linux certification study guide :, c2011
670 ## - SOURCE DATA FOUND
- Source citation: Work cat.: (dpl)0: Jang, Michael H. 39224, RHCSA/RHCE Red Hat Linux certification study guide :, c2011
